00394nam a2200133Ia 4500003000400000008004100004040001600045082001700061100002100078245009000099700002700189260003400216300001000250GCL140319s9999 xx 000 0 eng d aGCL / cGCL04a320.092bB R1 aBENEWICK, ROBERT10aTHE ROUTLEDGE DICTIONARY OF TWENTIETH CENTURY POLITICAL THINKERS / cBENEWICK, ROBERT1 aGREEN, PHILIP (EDITED) a[S.N] : bROUTLEDGE ، c1992 a244 P